LEADER 00991nam a2200241 u 4500 001 000000035647 003 CaOOAMICUS 005 20070226112617.0 008 980302s1820 fr u000 u fre u 035 $a10785044 040 $aBAV$bita$dPUL(R)$dBAV 100 1 $aPradt, Dominique de,$carciv. di Mechelen,$d1759-1837.$0(OLS)http://pul/name/19067 245 10$aSuite des quatre concordats /$cpar M. de Pradt .. 260 $aParis :$bF. Béchet,$c1820. 300 $a162, 69 p. ;$c20 cm 504 $aBibliografia in nota. 610 24$aChiesa cattolica$zFrancia.$0(OLS)http://pul/subject/2077 650 4$aDiritto concordatario.$0(OLS)http://pul/subject/2274 850 $aPUL 852 $aPUL$W1$xDP1 Antico 800$y27$m148 C 23$j48798$nBK-PRI$b $qStampati Antico$B48798$CPULBib$Z2$F48798 $H $81 941 1 $a15 996 $6245$aSuite des quatre concordats$9(OLS)http://pul/title/48945 996 $6260$aParis :$bF. Béchet$9(OLS)http://pul/publisher/57633 LEADER 02169nam a2200421 u 4500 001 000000114637 003 CaOOAMICUS 005 20090220124332.0 008 090220s2008 it u000 u ita r 020 $z978-88-02-08078-9 (v. 1)* 020 $z978-88-02-08079-6 (v. 2)* 040 $aPUL$bita$dLDB 041 1 $aita$alat$hlat 100 1 $aSuetonius Tranquillus, Caius,$df. sec. I-II.$0(OLS)http://pul/name/5481 240 10$aDe vita XII Caesarum.$lItaliano e latino.$0(OLS)http://pul/title/111756 245 13$aLe vite dei Cesari di Svetonio /$ca cura di Paola Ramondetti ; traduzione di Italo Lana. 260 $aTorino :$bUnione Tipografico-Editrice Torinese,$cc2008. 300 $a2 v. ;$c24 cm 490 1 $aClassici latini 504 $aInclude riferimenti bibliografici ed indici. 700 1 $aRamondetti, Paola.$0(OLS)http://pul/name/34667 700 1 $aLana, Italo.$0(OLS)http://pul/name/10516 700 1 $aSuetonius Tranquillus, Caius,$df. sec. I-II.$tDe vita XII Caesarum.$0(OLS)http://pul/nameTitle/871$0(OLS)http://pul/name/5481$0(OLS)http://pul/title/144062 830 0$aClassici latini (UTET).$0(OLS)http://pul/title/2304 850 $aPUL 852 $aPUL$W1$xDP1 Cons. Gen., Altre Classi 1$y22$m844 F 52.1$j131088$av. 1$qStampati$B130072$CPULBib$Z2$F130072 $H109618 $82 852 $aPUL$W1$xDP1 Cons. Gen., Altre Classi 1$y22$m844 F 52.2$j131089$av. 2$qStampati$B130073$CPULBib$Z2$F130073 $H109619 $82 900 $aSvetonius Tranquillus, Caius,$df. sec. I-II$95481 900 $aSvetonio,$df. sec. I-II$95481 900 $aCicerone, Marco Tullio,$d106-43 a.C.$9553 900 $aCicerone,$d106-43 a.C.$9553 900 $aSvetonius Tranquillus, Caius,$df. sec. I-II$95481 900 $aSvetonio,$df. sec. I-II$95481 941 1 $a8 996 $6020$z978-88-02-08078-9 (v. 1)*$9(OLS)http://pul/number/139761 996 $6020$z978-88-02-08079-6 (v. 2)*$9(OLS)http://pul/number/139762 996 $6245$aLe vite dei Cesari di Svetonio$9(OLS)http://pul/title/144061 996 $6260$aTorino :$bUnione Tipografico-Editrice Torinese$9(OLS)http://pul/publisher/48798